La Soberanía alimentaria, un derecho /

Sparad:
Bibliografiska uppgifter
Huvudupphovsman: Ramírez F., Eduardo
Materialtyp: Text
Taggar: Lägg till en tagg
Inga taggar, Lägg till första taggen!

MARC

LEADER 00000 a a2200000 04500
001 1369
003
040
100 |a Ramírez F., Eduardo  
245 |a La Soberanía alimentaria, un derecho /  |c Eduardo Ramírez F. 
773 |g número 58; páginas 23-26  
999 |c 25260  |d 25260